| 000 | 00684nam a2200265 a 4500 | ||
|---|---|---|---|
| 003 | AR-BaBNM | ||
| 005 | 20251128202946.0 | ||
| 008 | 082120s2002 ||||||||||||||000 | spa|| | ||
| 040 | _cAR-BaBNM | ||
| 100 | 1 | _aMortillaro, Gaspar | |
| 245 | 0 | 0 |
_aSarmiento _besquema biográfico y anécdotas de su vida 1811-1888 |
| 250 | _a3ª ed. | ||
| 260 |
_aBuenos Aires _bAraujo _c1964 |
||
| 300 | _a122 p. | ||
| 490 | 0 | _aPrograma | |
| 650 | 4 | _aHISTORIA ARGENTINA | |
| 650 | 4 | _aBIOGRAFIAS | |
| 650 | 4 | _aGUERRAS CIVILES ARGENTINAS | |
| 650 | 4 | _aORGANIZACION NACIONAL | |
| 650 | 4 | _aVIDA SOCIAL | |
| 650 | 4 | _aVIDA COTIDIANA | |
| 655 | _aBIOGRAFIAS | ||
| 942 | _cBK | ||
| 998 | _cEnrique | ||
| 999 |
_c1275 _d1275 |
||